Konec recese
Recesia skončila. Pre uzdravenie ekonomiky je potrebné obnoviť spotrebiteľskú dôveru, stabilizovať sektor nehnuteľností a bankový sektor. Kľúčové faktory potrebné pre zlepšenie súčasného stavu ekonomiky. Situácia na akciových trhoch. Historické štatistiky.
Na minha lista:
| Autor principal: | |
|---|---|
| Formato: | Capítulo de Livro |
| Idioma: | tcheco |
| Assuntos: | |
| Tags: |
Sem tags, seja o primeiro a adicionar uma tag!
|
MARC
| LEADER | 00000naa$a2200000$$$4500 | ||
|---|---|---|---|
| 001 | 0115794 | ||
| 005 | 20230804111823.0 | ||
| 041 | 0 | |a cze | |
| 044 | |a CZ | ||
| 245 | 1 | 0 | |a Konec recese |c Matěj Varga |
| 520 | |a Recesia skončila. Pre uzdravenie ekonomiky je potrebné obnoviť spotrebiteľskú dôveru, stabilizovať sektor nehnuteľností a bankový sektor. Kľúčové faktory potrebné pre zlepšenie súčasného stavu ekonomiky. Situácia na akciových trhoch. Historické štatistiky. | ||
| 610 | 2 | 0 | |a recesia |
| 610 | 2 | 0 | |a Amerika |
| 610 | 2 | 0 | |a svet |
| 610 | 2 | 0 | |a oživenie |
| 100 | 1 | |a Varga, Matěj | |